<?xml version="1.0" encoding="UTF-8"?>
<record
    xmlns:xsi="http://www.w3.org/2001/XMLSchema-instance"
    xsi:schemaLocation="http://www.loc.gov/MARC21/slim http://www.loc.gov/standards/marcxml/schema/MARC21slim.xsd"
    xmlns="http://www.loc.gov/MARC21/slim">

  <leader>00464nam a22001697a 4500</leader>
  <controlfield tag="005">20260303101848.0</controlfield>
  <controlfield tag="008">260303b        |||||||| |||| 00| 0 eng d</controlfield>
  <datafield tag="020" ind1=" " ind2=" ">
    <subfield code="a">9789914552409</subfield>
  </datafield>
  <datafield tag="050" ind1=" " ind2=" ">
    <subfield code="a">Q161.M86 2025</subfield>
  </datafield>
  <datafield tag="100" ind1=" " ind2=" ">
    <subfield code="a">MUNENE FRANCO</subfield>
  </datafield>
  <datafield tag="245" ind1=" " ind2=" ">
    <subfield code="a">KLB EXCELLING GENERAL SCIENCE</subfield>
  </datafield>
  <datafield tag="260" ind1=" " ind2=" ">
    <subfield code="a">NAIROBI,KENYA</subfield>
    <subfield code="b">KENYA LITERATURE BUREAU KLB</subfield>
    <subfield code="c">2025</subfield>
  </datafield>
  <datafield tag="300" ind1=" " ind2=" ">
    <subfield code="a">V1,257P.</subfield>
  </datafield>
  <datafield tag="650" ind1=" " ind2=" ">
    <subfield code="a">SCIENCE TEXTBOOK</subfield>
  </datafield>
  <datafield tag="700" ind1=" " ind2=" ">
    <subfield code="a">KONGA GIVANS,WAMBUA KELLY</subfield>
  </datafield>
  <datafield tag="942" ind1=" " ind2=" ">
    <subfield code="2">lcc</subfield>
    <subfield code="c">BK</subfield>
  </datafield>
  <datafield tag="999" ind1=" " ind2=" ">
    <subfield code="c">216743</subfield>
    <subfield code="d">216743</subfield>
  </datafield>
  <datafield tag="952" ind1=" " ind2=" ">
    <subfield code="0">0</subfield>
    <subfield code="1">0</subfield>
    <subfield code="2">lcc</subfield>
    <subfield code="4">0</subfield>
    <subfield code="6">Q0161 M86  02025</subfield>
    <subfield code="7">0</subfield>
    <subfield code="8">SCT</subfield>
    <subfield code="9">375940</subfield>
    <subfield code="a">KSUL</subfield>
    <subfield code="b">KSUL</subfield>
    <subfield code="c">DISPLAY</subfield>
    <subfield code="d">2026-03-03</subfield>
    <subfield code="i">112272</subfield>
    <subfield code="l">0</subfield>
    <subfield code="o">Q161.M86 2025</subfield>
    <subfield code="p">A000255</subfield>
    <subfield code="r">2026-03-03 10:22:00</subfield>
    <subfield code="t">C.1</subfield>
    <subfield code="w">2026-03-03</subfield>
    <subfield code="y">BK</subfield>
  </datafield>
  <datafield tag="952" ind1=" " ind2=" ">
    <subfield code="0">0</subfield>
    <subfield code="1">0</subfield>
    <subfield code="2">lcc</subfield>
    <subfield code="4">0</subfield>
    <subfield code="6">Q0161 M86  02025</subfield>
    <subfield code="7">0</subfield>
    <subfield code="8">SCT</subfield>
    <subfield code="9">375941</subfield>
    <subfield code="a">KSUL</subfield>
    <subfield code="b">KSUL</subfield>
    <subfield code="c">DISPLAY</subfield>
    <subfield code="d">2026-03-03</subfield>
    <subfield code="i">112273</subfield>
    <subfield code="l">0</subfield>
    <subfield code="o">Q161.M86 2025</subfield>
    <subfield code="p">A000256</subfield>
    <subfield code="r">2026-03-03 10:22:00</subfield>
    <subfield code="t">C.2</subfield>
    <subfield code="w">2026-03-03</subfield>
    <subfield code="y">BK</subfield>
  </datafield>
  <datafield tag="952" ind1=" " ind2=" ">
    <subfield code="0">0</subfield>
    <subfield code="1">0</subfield>
    <subfield code="2">lcc</subfield>
    <subfield code="4">0</subfield>
    <subfield code="6">Q0161 M86  02025</subfield>
    <subfield code="7">0</subfield>
    <subfield code="8">SCT</subfield>
    <subfield code="9">375942</subfield>
    <subfield code="a">KSUL</subfield>
    <subfield code="b">KSUL</subfield>
    <subfield code="c">DISPLAY</subfield>
    <subfield code="d">2026-03-03</subfield>
    <subfield code="i">112274</subfield>
    <subfield code="l">0</subfield>
    <subfield code="o">Q161.M86 2025</subfield>
    <subfield code="p">A000258</subfield>
    <subfield code="r">2026-03-03 10:22:00</subfield>
    <subfield code="t">C.3</subfield>
    <subfield code="w">2026-03-03</subfield>
    <subfield code="y">BK</subfield>
  </datafield>
  <datafield tag="952" ind1=" " ind2=" ">
    <subfield code="0">0</subfield>
    <subfield code="1">0</subfield>
    <subfield code="2">lcc</subfield>
    <subfield code="4">0</subfield>
    <subfield code="6">Q0161 M86  02025</subfield>
    <subfield code="7">0</subfield>
    <subfield code="8">SCT</subfield>
    <subfield code="9">375943</subfield>
    <subfield code="a">KSUL</subfield>
    <subfield code="b">KSUL</subfield>
    <subfield code="c">DISPLAY</subfield>
    <subfield code="d">2026-03-03</subfield>
    <subfield code="i">112275</subfield>
    <subfield code="l">0</subfield>
    <subfield code="o">Q161.M86 2025</subfield>
    <subfield code="p">A000257</subfield>
    <subfield code="r">2026-03-03 10:22:00</subfield>
    <subfield code="t">C.4</subfield>
    <subfield code="w">2026-03-03</subfield>
    <subfield code="y">BK</subfield>
  </datafield>
  <datafield tag="952" ind1=" " ind2=" ">
    <subfield code="0">0</subfield>
    <subfield code="1">0</subfield>
    <subfield code="2">lcc</subfield>
    <subfield code="4">0</subfield>
    <subfield code="6">Q0161 M86  02025</subfield>
    <subfield code="7">0</subfield>
    <subfield code="8">SCT</subfield>
    <subfield code="9">375944</subfield>
    <subfield code="a">KSUL</subfield>
    <subfield code="b">KSUL</subfield>
    <subfield code="c">DISPLAY</subfield>
    <subfield code="d">2026-03-03</subfield>
    <subfield code="i">112276</subfield>
    <subfield code="l">0</subfield>
    <subfield code="o">Q161.M86 2025</subfield>
    <subfield code="p">A000259</subfield>
    <subfield code="r">2026-03-03 10:22:00</subfield>
    <subfield code="t">C.5</subfield>
    <subfield code="w">2026-03-03</subfield>
    <subfield code="y">BK</subfield>
  </datafield>
</record>
